Wszyscy kierowcy F1 w zespole Haas - Statystyki

Ogólne statystyki
  • Ten quiz został rozwiązany 30 razy
  • Średni wynik to 8 z 9
Statystyki odpowiedzi
Starty Sezony Kraj Kierowca % Poprawnych
145 2017-2020, 2022-2024 Dania Kevin Magnussen
100%
46 2023-2024 Niemcy Nico Hulkenberg
100%
3 2025 Francja Esteban Ocon
96%
21 2021 Rosja Nikita Mazepin
96%
96 2016-2020 Francja Romain Grosjean
96%
43 2021-2022 Niemcy Mick Schumacher
92%
5 2024-2025 W.Brytania Oliver Bearman
88%
2 2020 Brazylia Pietro Fittipaldi
60%
21 2016 Meksyk Esteban Gutierrez
56%
Nie znaleziono quizów pasujących do podanych kryteriów
Rozkład punktacji
Procent ludzi z każdym wynikiem
Percentyl według liczby udzielonych odpowiedzi
Twoja historia wyników
Nie rozwiązałeś tego quizu